000 01572cam a2200409 a 4500
001 cathedralofaugus00clit
003 CaSfIA
005 20230525154928.0
007 cr||||
008 880513s1987 enk 000 1 eng
010 _a 88140864
040 _aDLC
_cDLC
_dBTCTA
_dBAKER
_dYDXCP
_dLGG
_dCaSfIA
020 _a093052330X
020 _a9780930523305
020 _a0930523318 (pbk.)
020 _a9780930523312 (pbk.)
035 _a(OCoLC)15994439
050 0 _aPQ3949.2.C58
_bC313 1987
082 0 0 _a843
_dF
_219
100 1 _aClitandre, Pierre.
240 1 0 _aCathédrale du mois d'août.
_lEnglish
245 1 0 _aCathedral of the August heat /
_h[electronic resource]
_cPierre Clitandre ; translated by Bridget Jones.
260 _aLondon ;
_aNew York :
_bReaders International,
_cc1987.
300 _a159 p. ;
_c21 cm.
500 _aTranslation of: Cathédrale du mois d'août.
776 0 8 _iOnline version:
_aClitandre, Pierre.
_sCathédrale du mois d'août. English.
_tCathedral of the August heat.
_dLondon ; New York : Readers International, c1987
_w(OCoLC)567942791
856 4 1 _uhttp://www.archive.org/details/cathedralofaugus00clit
_zFree eBook from the Internet Archive
856 4 2 _uhttp://www.openlibrary.org/books/OL2095379M
_zAdditional information and access via Open Library
029 1 _aNZ1
_b3200091
029 1 _aAU@
_b000005710103
029 1 _aNLGGC
_b043962726
029 1 _aUNITY
_b06185400X
029 1 _aUKSUS
_b0930523318
029 1 _aUKLMB
_b0930523318
029 1 _aUKMAN
_b093052330X
029 1 _aUKLCL
_b0930523318
999 _c20105
_d20105